Programa d'intermediació laboral
Publicado:
Barcelona :
Diputació de Barcelona. Àrea de Promoció Econòmica i Ocupació. Servei de Foment de l'Ocupació, [2004]
Descripción Física:
[16] p. : il. ; 21 x 21 cm
MARC
| LEADER | 00000nam a2200000Ia 4500 | ||
|---|---|---|---|
| 001 | 24278 | ||
| 008 | 160829s9999 xx 000 0 cat d | ||
| 080 | |a FU-64-117 | ||
| 245 | |a Programa d'intermediació laboral | ||
| 260 | |a Barcelona : |b Diputació de Barcelona. Àrea de Promoció Econòmica i Ocupació. Servei de Foment de l'Ocupació, [2004] | ||
| 300 | |a [16] p. : |b il. ; |c 21 x 21 cm | ||
| 650 | |a Conciliació laboral |x Barcelona (Província) |9 50322 | ||
| 650 | |a Creació d'ocupació |x Barcelona (Província) |9 50315 | ||
| 710 | 1 | |a Barcelona (Catalunya : Província). |b Àrea de Promoció Econòmica i Ocupació |9 17540 | |
| 901 | |a Arxiu | ||
| 942 | |n 1 | ||
| 952 | |0 0 |1 0 |4 0 |6 FU64117 |7 1 |9 55966 |a Arxiu |b Arxiu |d 2016-12-01 |l 0 |o FU-64-117 |p 24278 |r 2016-12-01 00:00:00 |w 2016-12-01 |y ARXIU | ||
| 999 | |c 59839 |d 59839 | ||